Normal view
MARC view
Entry Personal Name
001 - CONTROL NUMBER
- control field: 15673
003 - CONTROL NUMBER IDENTIFIER
- control field: BD-RjUL
005 - DATE AND TIME OF LATEST TRANSACTION
- control field: 20250528150941.0
008 - FIXED-LENGTH DATA ELEMENTS
- fixed length control field: 250528|| aca||aabn | a|a d
040 ## - CATALOGING SOURCE
- Original cataloging agency: BD-RjUL
- Transcribing agency: BD-RjUL
100 ## - HEADING--PERSONAL NAME
- Titles and other words associated with a name: রামায়ণ (বাল্মীকি )
670 ## - SOURCE DATA FOUND
- Source citation: Work cat.: (BD-RjUL)84987: নিয়োগী, শিশিরকুমার 15672, বাল্মীকি-রামায়ণ /